No sotão (Record no. 47471)

MARC details
000 -LÍDER
campo de controle de tamanho fixo 00308 a2200145 4500
001 - NÚMERO DE CONTROLE
campo de controle 47471
020 ## - ISBN - INTERNATIONAL STANDARD BOOK NUMBER
ISBN - International Standard Book Number 9788566642544
040 ## - FONTE DA CATALOGAÇÃO
Instituição que transcreveu o registro Anchieta - Aquarius
100 ## - ENTRADA PRINCIPAL--NOME PESSOAL
Nome pessoal Oram, Hiawyn
240 10 - TÍTULO UNIFORME
Título uniforme No sotão
Idioma da obra por
245 10 - TÍTULO
Título No sotão
362 0# - DATAS DE PUBLICAÇÃO E/OU DESIGNAÇÃO SEQUENCIAL
Datas de publicação e/ou designação sequencial 2017
650 #4 - ASSUNTO--TERMO TÓPICO
Cabeçalho tópico ou nome geográfico Literatura infanto-juvenil
942 ## - ELEMENTOS DE ENTRADA ADICIONADOS (KOHA)
Tipo de material Koha Livros
Holdings
Situação do descarte Situação das perdas Situação física Não pode ser emprestado Biblioteca de origem Biblioteca atual Data de aquisição Total de empréstimos Número de chamada completo Código de barras Data de último acesso Data do preço efetivo Tipo de material Koha
        Colégio Anchieta - Aquarius Colégio Anchieta - Aquarius 21/11/2023   028.5 ORA NOS 6190/AQU 21/11/2023 21/11/2023 Livros
        ESTA - SÃO BENTO ESTA - SÃO BENTO 30/04/2024   028.52 ORA NOS EST00012026 30/04/2024 30/04/2024 Livros
        Leonardo Da Vinci - Alphaville 2 Leonardo Da Vinci - Alphaville 2 27/03/2024   028.5 O72n 2A578 27/03/2024 27/03/2024 Livros